000 00786nam a22002417a 4500
003 OSt
005 20260202021257.0
008 260202b |||||||| |||| 00| 0 eng d
020 _a 978-981-31-3429-4
040 _aDWC-Main lib
_cOC
082 _2tenth edition
_aCirc. 610.73 B516f 2016
100 _aBerman, Audrey
245 _aFundamentals of nursing :
_bconcepts, process and practice vol.2/
_cAudrey Berman
250 _atenth edition
260 _aSingapore:
_b Pearson education,
_cc2016.
300 _a1536 pages :
_billustrations ;
_c 27cm.
504 _aIncludes glossary and index
650 _a1. Nursing Care
650 _a2. Nursing Process
700 _aShirlee J. Synder
700 _aGeralyn Frandsen
942 _2ddc
_cBK-CIRC
_e tenth edition
_kCirc.
_n0
999 _c8090
_d8090